Succubi Nel Vento

Salvato in:
Dettagli Bibliografici
Autore principale: Adriana La Terra
Natura: Libro
Lingua:lingua imprecisata
Pubblicazione: Edizioni Hrlicon
Tags: Aggiungi Tag
Nessun Tag, puoi essere il primo ad aggiungerne!!

MARC

LEADER 00000nam a2200000Ia 4500
001 R-689
003 CODICE-MESSINA
005 20260212102456.0
008 260211s9999 xx 000 0 und d
040 |c importazione_messina 
100 |a Adriana La Terra 
245 0 |a Succubi Nel Vento 
260 |b Edizioni Hrlicon 
942 |2 ddc  |c BK 
952 |0 0  |1 0  |2 ddc  |4 0  |6 SCAFFALE_6_000000000000000__ROMANZI  |7 0  |9 31515  |a ME  |b ME  |d 2026-02-11  |l 0  |o SCAFFALE 6 - ROMANZI  |p R-689  |r 2026-02-11 23:52:36  |w 2026-02-11  |x [REVISIONARE]  |y BK 
999 |c 27180  |d 27180